| 000 | 00735nam a22002657a 4500 | ||
|---|---|---|---|
| 003 | OSt | ||
| 005 | 20140310181707.0 | ||
| 008 | 121123t xxu||||| |||| 00| 0 eng d | ||
| 020 | _a0553213296 | ||
| 050 |
_aPS 1408 _b.C776 1989 |
||
| 082 |
_aCLA C78l _b1992 |
||
| 100 |
_aCooper, James Fenimore _92824 |
||
| 245 |
_aThe last of the Mohicans/ _cJames Fenimore Cooper ; introduction by: A.B Guthrie, Jr |
||
| 260 |
_aNew York : _bBantam Books, _cc1989. |
||
| 300 |
_a377 p. _c18 cm. |
||
| 521 | _a | ||
| 541 | _j1 | ||
| 541 | _j2 | ||
| 562 | _e2 | ||
| 650 |
_aFiction _xDrama _92825 |
||
| 650 |
_aIndian Traditions _92826 |
||
| 650 |
_aDrama _xConflict _92827 |
||
| 650 |
_aConflict _92828 |
||
| 942 |
_2lcc _cBBK _kCLA |
||
| 999 |
_c1378 _d1378 |
||